Образование и экономический рост; Экономика России в XXI веке; Т. 1
| Parent link: | Экономика России в XXI веке: сборник научных трудов XI Международной научно-практической конференции "Экономические науки и прикладные исследования: фундаментальные проблемы модернизации экономики России", посвященной 110-летию экономического образования в Томском политехническом университете, г. Томск, 18-22 ноября 2014 г./ Национальный исследовательский Томский политехнический университет (ТПУ) ; ред. кол. Г. А. Барышева [и др.].— , 2014 Т. 1.— 2014.— [С. 100-107] |
|---|---|
| 1. Verfasser: | |
| Körperschaft: | |
| Weitere Verfasser: | |
| Zusammenfassung: | Заглавие с титульного экрана Образование является основополагающим фактором человеческого капитала, отражает инновационный потенциал государства. В данной статье проанализировано влияние образования на экономический рост, рассмотрены актуальные проблемы сферы образования и пути их решения. Проанализированы уровни грамотности населения стран с развитой и отсталой экономикой. Представлен анализ прогноза изменений в образовательной сфере на период до 2020 года. |
| Sprache: | Russisch |
| Veröffentlicht: |
2014
|
| Schriftenreihe: | Проблемы теории и методологии экономической науки |
| Schlagworte: | |
| Online-Zugang: | http://www.lib.tpu.ru/fulltext/c/2014/C40/V1/021.pdf |
| Format: | MixedMaterials Elektronisch Buchkapitel |
| KOHA link: | https://koha.lib.tpu.ru/cgi-bin/koha/opac-detail.pl?biblionumber=610010 |
MARC
| LEADER | 00000naa2a2200000 4500 | ||
|---|---|---|---|
| 001 | 610010 | ||
| 005 | 20260331085532.0 | ||
| 035 | |a (RuTPU)RU\TPU\conf\7585 | ||
| 035 | |a RU\TPU\conf\7584 | ||
| 090 | |a 610010 | ||
| 100 | |a 20141219d2014 k y0rusy50 ca | ||
| 101 | 0 | |a rus | |
| 102 | |a RU | ||
| 135 | |a drgn ---uucaa | ||
| 181 | 0 | |a i | |
| 182 | 0 | |a b | |
| 200 | 1 | |a Образование и экономический рост |f А. А. Наумовская |g науч. рук. А. С. Громова | |
| 203 | |a Текст |c электронный | ||
| 225 | 1 | |a Проблемы теории и методологии экономической науки | |
| 300 | |a Заглавие с титульного экрана | ||
| 320 | |a [Библиогр.: с. 107 (13 назв.)] | ||
| 330 | |a Образование является основополагающим фактором человеческого капитала, отражает инновационный потенциал государства. В данной статье проанализировано влияние образования на экономический рост, рассмотрены актуальные проблемы сферы образования и пути их решения. Проанализированы уровни грамотности населения стран с развитой и отсталой экономикой. Представлен анализ прогноза изменений в образовательной сфере на период до 2020 года. | ||
| 337 | |a Adobe Reader | ||
| 461 | 1 | |0 (RuTPU)RU\TPU\conf\7533 |t Экономика России в XXI веке |o сборник научных трудов XI Международной научно-практической конференции "Экономические науки и прикладные исследования: фундаментальные проблемы модернизации экономики России", посвященной 110-летию экономического образования в Томском политехническом университете, г. Томск, 18-22 ноября 2014 г. |o в 2 т. |f Национальный исследовательский Томский политехнический университет (ТПУ) ; ред. кол. Г. А. Барышева [и др.] |d 2014 | |
| 463 | 0 | |0 (RuTPU)RU\TPU\conf\7535 |t Т. 1 |v [С. 100-107] |d 2014 | |
| 610 | 1 | |a труды учёных ТПУ | |
| 610 | 1 | |a электронный ресурс | |
| 610 | 1 | |a образование | |
| 610 | 1 | |a экономический рост | |
| 610 | 1 | |a инновационный потенциал | |
| 610 | 1 | |a грамотность | |
| 610 | 1 | |a население | |
| 610 | 1 | |a экономика | |
| 610 | 1 | |a образовательная сфера | |
| 610 | 1 | |a человеческий капитал | |
| 700 | 1 | |a Наумовская |b А. А. | |
| 702 | 1 | |a Громова |b А. С. |c экономист |c старший преподаватель Томского политехнического университета |f 1979- |g Анна Сергеевна |4 727 | |
| 712 | 0 | 2 | |a Национальный исследовательский Томский политехнический университет (ТПУ) |b Институт социально-гуманитарных технологий (ИСГТ) |b Кафедра экономики (ЭКОН) |3 (RuTPU)RU\TPU\col\18375 |
| 801 | 2 | |a RU |b 63413507 |c 20141219 |g RCR | |
| 856 | 4 | |u http://www.lib.tpu.ru/fulltext/c/2014/C40/V1/021.pdf | |
| 942 | |c BK | ||